• 首页
  • 本馆介绍
  • 公告通知
  • 最新文献
  • 馆藏检索
  • 电子资源
  • 读者导购
  • 参考咨询
  • 我的图书馆
  • 登录
  • 详细信息显示
  • 放入我的书架
  • 预约/预借图书
  • 作者相关作品
  • 分类相关作品
  • 丛书相关作品
  • 出版社相关作品

书目信息

  • 表格格式
  • 工作单格式
  • 卡片格式
题名:
健身气功·大舞
    
 
作者: ;国家体育总局健身气功管理中心 编
分册:  
出版信息: 北京   人民体育出版社  2010
页数: 98页
开本: 21cm
丛书名: 健身气功新功法丛书
单 册:
中图分类: R214-64
科图分类:
主题词: 气功--健身运动--图解 , 气功 , 健身运动
电子资源:
ISBN: 978-7-5009-3786-9
000 00982oam2 2200289 45
001 1132085109
005 20110314092202.34
010    @a978-7-5009-3786-9@dCNY13.00
100    @a20110120d2010 em y0chiy50 ea
101 0  @achi
102    @aCN@b110000
105    @aa z 000yy
106    @ar
200 1  @a健身气功·大舞@AJian Shen Qi Gong· Da Wu@f国家体育总局健身气功管理中心编@FGuo Jia Ti Yu Zong Ju Jian Shen Qi Gong Guan Li Zhong Xin Bian
210    @a北京@c人民体育出版社@d2010
215    @a98页@d21cm
225 2  @a健身气功新功法丛书
308    @a丛书第二辑
330    @a本书对健身气功·大舞的功法源流、特点、基础和技术要领作了全面介绍。
461  0 @12001 @a健身气功新功法丛书
606 0  @a气功@x健身运动@j图解
606 0  @a气功
606 0  @a健身运动
690    @aR214-64@v4
711 02 @a国家体育总局健身气功管理中心@AGuo Jia Ti Yu Zong Ju Jian Shen Qi Gong Guan Li Zhong Xin@4编
801  0 @aCN@bTANGWEI@c20110314
905    @b0532445-48@dR214-64@e279@f4
    
    健身气功·大舞/国家体育总局健身气功管理中心编.-北京:人民体育出版社,2010
    98页;21cm.-(健身气功新功法丛书)
    
    
    ISBN 978-7-5009-3786-9:CNY13.00
    本书对健身气功·大舞的功法源流、特点、基础和技术要领作了全面介绍。
●
相关链接 在E读中查询图书 在五车中查询图书 在当当中查询图书 在豆瓣中查询图书


正题名:健身气功·大舞     索取号:R214-64/279         预约/预借

序号 登录号 条形码 馆藏地/架位号 状态 备注
1 0532445   205324451   第二样本阅览室/ [索取号:R214-64/279] 在馆    
2 0532446   205324460   第三借阅区/ [索取号:R214-64/279] 在馆    
3 0532447   205324479   第三借阅区/ [索取号:R214-64/279] 在馆    
4 0532448   205324488   密集书库-体育系/ [索取号:R214-64/279] 在馆    
唐山师范学院图书馆 欢迎您!
大连网信软件有限公司© 版权所有